| 000 | 00400 a2200145 4500 | ||
|---|---|---|---|
| 001 | 90665 | ||
| 082 | _a658.15 BLO | ||
| 090 |
_c42936 _d42936 |
||
| 100 | _aBlock Stanley B; Geoffrey A Hirt; Bartley R. Danielsen | ||
| 245 | _aFoundations of Financial Management, 13/e | ||
| 250 | _a13 | ||
| 260 |
_aNew Delhi _bTata McGraw Hill _c2009 |
||
| 300 | _axxix, 665 +13+18 p. | ||
| 500 | _aDOS textbook | ||
| 942 |
_aNUST-CAE _k658.15 BLO |
||
| 999 |
_c325738 _d325738 |
||